Gaming Quiz

Random Gaming or Pokémon Quiz

Pokémon: Gotta Match 'Em All Quiz Stats

 Plays Quiz Updated May 10, 2019

Score 0/22 Timer 05:00
1 Play Today
Phrase Pokémon % Correct
Draw a line in the ____Sandshrew
88.5%
Big ___ (McDonald's burger)Machop
83.9%
____ and steady wins the raceSlowpoke
82.8%
The whole ____ yardsNinetales
81.5%
Every ___ for himselfMankey
81.1%
'I never ___ _ man I didn't
like'
Metapod
78.3%
Puff, the Magic ____Dragonair
76%
Bread and ____Butterfree
75.2%
____ Eye Movement (REM)Rapidash
69.8%
The ____ ReaperGrimer
67.7%
The Dead ___ ScrollsSeaking
66.8%
Phrase Pokémon % Correct
____ Minister of the UKPrimeape
64.4%
Come out of one's _____Shellder
61.2%
To have a ___ in one's bonnetBeedrill
59.6%
You could hear a ___ dropPinsir
55.9%
___ Prizm (car)Geodude
53%
Treble or bass ____ Clefable
51.7%
____ sci (college class)Poliwrath
51.4%
Dig ___ (video game)Dugtrio
51.1%
____ whackerWeedle
45.9%
A ____ of a different colorHorsea
26.2%
Pi, rho, sigma, ___, upsilonTauros
24.9%

You're not logged in!

Compare scores with friends on all Sporcle quizzes.
OR
Log In

Sporcle TV

Today on Sporcle TV


Watch our educational content, quiz creation guides, and fun videos on Sporcle TV.

Show Comments

Extras

Top Quizzes Today


Score Distribution

Your Account Isn't Verified!

In order to create a playlist on Sporcle, you need to verify the email address you used during registration. Go to your Sporcle Settings to finish the process.

Report this User

Report this user for behavior that violates our Community Guidelines.

Details: